[Event "Sebes GP op"]
[Site "Sebes"]
[Date "2023.11.05"]
[Round "7"]
[White "Craciun, Sasha Matei"]
[Black "Stanciu, Alexandru Ovidiu"]
[Result "0-1"]
[WhiteElo "2050"]
[BlackElo "2373"]
[PlyCount "98"]
[EventDate "2023.11.04"]
[EventType "swiss"]
[EventRounds "10"]
[EventCountry "ROU"]
[SourceTitle "CB46_2023"]
[SourceDate "2023.11.15"]
[SourceVersion "1"]
[SourceVersionDate "2023.11.15"]
[SourceQuality "1"]

1. e4 c6 2. d4 d5 3. exd5 cxd5 4. Bd3 Nc6 5. c3 Nf6 6. Bf4 Bg4 7. Qb3 Qd7 8. Nd2 e6 9. h3 Bh5 10. Ngf3 Bd6 11. Bxd6 Qxd6 12. 0-0 0-0 13. Rfe1 Qc7 14. Qd1 Rab8 15. a4 Rfc8 16. Nf1 a6 17. Ng3 Bg6 18. Bxg6 hxg6 19. Ne5 Nxe5 20. dxe5 Nd7 21. f4 Qb6+ 22. Kh2 Qxb2 23. h4 Rxc3 24. h5 Nf8 25. Qd4 Rc2 26. Qxb2 Rxb2 27. Rab1 Rxb1 28. Rxb1 b5 29. axb5 Rxb5 30. Rxb5 axb5 31. hxg6 Nxg6 32. Ne2 b4 33. Kg3 f6 34. exf6 gxf6 35. f5 exf5 36. Nd4 f4+ 37. Kg4 Kf7 38. Kf5 Nh4+ 39. Kxf4 Nxg2+ 40. Kf3 Nh4+ 41. Ke3 f5 42. Kd3 f4 43. Nc6 b3 44. Kc3 f3 45. Ne5+ Ke6 46. Nd3 Kf5 47. Kxb3 Ke4 48. Kc3 Ke3 49. Ne5 Nf5 0-1

[Event "Arad op 15th"]
[Site "Arad"]
[Date "2022.08.14"]
[Round "9"]
[White "Stanciu, Alexandru Ovidiu"]
[Black "Sedlak, Nikola"]
[Result "1/2-1/2"]
[WhiteElo "2326"]
[BlackElo "2483"]
[PlyCount "42"]
[EventDate "2022.08.08"]
[EventType "swiss"]
[EventRounds "9"]
[EventCountry "ROU"]
[SourceTitle "CBM 209 Extra"]
[Source "ChessBase"]
[SourceDate "2022.09.30"]
[SourceVersion "1"]
[SourceVersionDate "2022.09.30"]
[SourceQuality "1"]

1. d4 d5 2. Nf3 Nf6 3. e3 Bf5 4. Bd3 e6 5. Bxf5 exf5 6. Qd3 Qc8 7. 0-0 Bd6 8. b3 0-0 9. c4 c6 10. Ba3 Bxa3 11. Nxa3 Na6 12. Rac1 Qe6 13. cxd5 Qxd5 14. Rfd1 Rad8 15. Qb1 g6 16. Nc4 Nc7 17. b4 Ne6 18. Na5 Rd7 19. Ne5 Re7 20. f3 Qb5 21. Nac4 Rd8 1/2-1/2

[Event "Arad op 15th"]
[Site "Arad"]
[Date "2022.08.13"]
[Round "8"]
[White "David, Alexandru Vasile"]
[Black "Stanciu, Alexandru Ovidiu"]
[Result "1-0"]
[WhiteElo "2429"]
[BlackElo "2326"]
[PlyCount "91"]
[EventDate "2022.08.08"]
[EventType "swiss"]
[EventRounds "9"]
[EventCountry "ROU"]
[SourceTitle "CBM 209 Extra"]
[Source "ChessBase"]
[SourceDate "2022.09.30"]
[SourceVersion "1"]
[SourceVersionDate "2022.09.30"]
[SourceQuality "1"]

1. e4 e5 2. Nf3 Nc6 3. Bc4 Bc5 4. d3 Nf6 5. Bg5 h6 6. Bh4 d6 7. c3 a5 8. Nbd2 Ba7 9. 0-0 Qe7 10. Re1 0-0 11. Nf1 Be6 12. Bb5 Kh8 13. d4 g5 14. Bg3 Nxe4 15. Rxe4 f5 16. Re2 f4 17. d5 fxg3 18. hxg3 g4 19. Nh4 Qf7 20. dxe6 Bxf2+ 21. Kh2 Qxe6 22. Bxc6 bxc6 23. Qc2 Bb6 24. Ng6+ Kg7 25. Nxf8 Rxf8 26. Kh1 Rf5 27. Ne3 Rh5+ 28. Kg1 d5 29. c4 d4 30. c5 Ba7 31. Nf1 Qd5 32. Qd3 Bxc5 33. Nd2 Be7 34. Nc4 Rg5 35. Rf1 a4 36. b3 axb3 37. axb3 Bc5 38. Rfe1 Bd6 39. Nxd6 cxd6 40. Rf1 c5 41. Rf5 Rg6 42. Ref2 Qe6 43. Qf1 e4 44. Rf7+ Kg8 45. R2f6 Rxf6 46. Rxf6 1-0

[Event "Arad op 15th"]
[Site "Arad"]
[Date "2022.08.11"]
[Round "5"]
[White "Stanciu, Alexandru Ovidiu"]
[Black "Ramoutar, Alan Safar"]
[Result "1/2-1/2"]
[WhiteElo "2326"]
[BlackElo "2445"]
[PlyCount "152"]
[EventDate "2022.08.08"]
[EventType "swiss"]
[EventRounds "9"]
[EventCountry "ROU"]
[SourceTitle "CBM 209 Extra"]
[Source "ChessBase"]
[SourceDate "2022.09.30"]
[SourceVersion "1"]
[SourceVersionDate "2022.09.30"]
[SourceQuality "1"]

1. e4 c6 2. d4 d5 3. exd5 cxd5 4. Nf3 Nc6 5. c3 a6 6. Bd3 Bg4 7. 0-0 e6 8. Bf4 Nge7 9. Nbd2 Bf5 10. Ne1 Ng6 11. Bg3 Nce7 12. Be2 Nc6 13. Bd3 Nge7 14. Bh4 Qd7 15. g4 Bxd3 16. Nxd3 Ng6 17. Bg3 Bd6 18. f4 f5 19. Nf3 0-0 20. Ng5 Rae8 21. gxf5 Rxf5 22. Qg4 Qe7 23. Rae1 Qf6 24. Ne5 Bxe5 25. dxe5 Ncxe5 26. Qh5 h6 27. Rxe5 Rxe5 28. fxe5 Qxg5 29. Qxg5 hxg5 30. Kg2 Rc8 31. Re1 Rc4 32. Kf3 g4+ 33. Kg2 Ne7 34. Re2 Nf5 35. Be1 Kf7 36. b3 Rf4 37. Bf2 b5 38. Bc5 Ke8 39. Bb4 Rf3 40. Kg1 g3 41. a4 bxa4 42. bxa4 Re3 43. Rb2 Re1+ 44. Kg2 gxh2 45. Kxh2 Rxe5 46. Bc5 g5 47. a5 g4 48. Rb6 Re2+ 49. Kg1 g3 50. Rxa6 Nh4 51. Kf1 Ra2 52. Rxe6+ Kf7 53. Re7+ Kg6 54. Re8 g2+ 55. Ke1 Rxa5 56. Be3 Kf7 57. Rh8 Nf3+ 58. Ke2 Ne5 59. Bg1 Ra2+ 60. Ke3 Ra1 61. Kf2 Ra2+ 62. Kg3 Nd3 63. Rh6 Ne1 64. Rd6 Rd2 65. c4 Rd3+ 66. Kf2 dxc4 67. Rxd3 Nxd3+ 68. Kxg2 Ke6 69. Kf3 Kd5 70. Ke2 Kc6 71. Bd4 Kb5 72. Kd2 Nb4 73. Bc3 Nd5 74. Bd4 Kb4 75. Kc2 c3 76. Bxc3+ Nxc3 1/2-1/2

[Event "Arad op 15th"]
[Site "Arad"]
[Date "2022.08.10"]
[Round "4"]
[White "Manolache, Marius"]
[Black "Stanciu, Alexandru Ovidiu"]
[Result "0-1"]
[WhiteElo "2478"]
[BlackElo "2326"]
[PlyCount "126"]
[EventDate "2022.08.08"]
[EventType "swiss"]
[EventRounds "9"]
[EventCountry "ROU"]
[SourceTitle "CBM 209 Extra"]
[Source "ChessBase"]
[SourceDate "2022.09.30"]
[SourceVersion "1"]
[SourceVersionDate "2022.09.30"]
[SourceQuality "1"]

1. d4 d5 2. c4 e6 3. Nf3 Nf6 4. Nc3 Be7 5. cxd5 exd5 6. Bf4 c6 7. h3 Bf5 8. g4 Be6 9. Qb3 Qb6 10. e3 Nbd7 11. Nd2 h5 12. g5 Nh7 13. Rg1 Nhf8 14. h4 Bf5 15. Bg3 Ne6 16. Be2 a5 17. Qxb6 Nxb6 18. Rc1 Nd7 19. a3 Bg6 20. Bh2 0-0 21. Bf3 Kh7 22. Ne2 f6 23. Nf4 Nxf4 24. Bxf4 Rae8 25. Ke2 fxg5 26. Bxg5 Bd6 27. Rg2 Bf7 28. Rcg1 g6 29. Kd1 Be6 30. Rh1 Rf7 31. Be2 Bf5 32. Re1 b5 33. f3 b4 34. e4 Bh3 35. Rgg1 bxa3 36. bxa3 Bxa3 37. Rg3 Be6 38. Bd3 Nf8 39. exd5 cxd5 40. f4 Bg4+ 41. Be2 Bb2 42. Bxg4 Rxe1+ 43. Kxe1 hxg4 44. Rxg4 a4 45. Kd1 Rc7 46. h5 gxh5 47. Rh4 Kg6 48. Bd8 Rc1+ 49. Ke2 a3 50. f5+ Kf7 51. Rh3 a2 52. Nb3 Rc8 53. Bg5 Rb8 54. Na1 Bxa1 55. Ra3 Bxd4 56. Rxa2 Rb2+ 57. Rxb2 Bxb2 58. Kf3 Bf6 59. Bc1 Be5 60. Bg5 Nh7 61. Bh4 Nf6 62. Ke3 Ng4+ 63. Kf3 Nh6 0-1

[Event "Satu Mare Szabo Memorial"]
[Site "Satu Mare"]
[Date "2021.08.09"]
[Round "2"]
[White "Stanciu, Alexandru Ovidiu"]
[Black "Serban, Cristian Stefan"]
[Result "1-0"]
[WhiteElo "2323"]
[BlackElo "1992"]
[PlyCount "65"]
[EventDate "2021.08.08"]
[EventType "swiss"]
[EventRounds "9"]
[EventCountry "ROU"]
[SourceTitle "CBM 203 Extra"]
[Source "ChessBase"]
[SourceDate "2021.09.30"]
[SourceVersion "1"]
[SourceVersionDate "2021.09.30"]
[SourceQuality "1"]

1. g3 d5 2. Bg2 c5 3. Nf3 Nc6 4. d4 e6 5. 0-0 Nf6 6. b3 Bd6 7. Bb2 0-0 8. e3 Qc7 9. Na3 a6 10. c4 Rd8 11. Qe2 cxd4 12. exd4 Bxa3 13. Bxa3 dxc4 14. Qxc4 Qa5 15. Bc5 Nd5 16. a4 b6 17. Ba3 Bb7 18. Rfc1 Rac8 19. Qe2 Ndb4 20. Qd2 e5 21. Rc4 e4 22. Ng5 Nd5 23. Qe2 Nf6 24. Nxe4 Nxe4 25. Bxe4 b5 26. axb5 axb5 27. Bb2 Qb6 28. Rc5 Nxd4 29. Bxd4 Rxd4 30. Rxc8+ Bxc8 31. Ra8 Qc7 32. Qc2 Rd7 33. Rxc8+ 1-0

[Event "Satu Mare Szabo Memorial"]
[Site "Satu Mare"]
[Date "2021.08.08"]
[Round "1"]
[White "Bonte, Arghir"]
[Black "Stanciu, Alexandru Ovidiu"]
[Result "0-1"]
[WhiteElo "1819"]
[BlackElo "2323"]
[PlyCount "120"]
[EventDate "2021.08.08"]
[EventType "swiss"]
[EventRounds "9"]
[EventCountry "ROU"]
[SourceTitle "CBM 203 Extra"]
[Source "ChessBase"]
[SourceDate "2021.09.30"]
[SourceVersion "1"]
[SourceVersionDate "2021.09.30"]
[SourceQuality "1"]

1. Nf3 c5 2. c4 g6 3. Nc3 Bg7 4. Qc2 Nc6 5. a3 e6 6. e4 Nge7 7. d3 0-0 8. Be3 Nd4 9. Bxd4 cxd4 10. Nb5 Qb6 11. a4 a6 12. a5 Qc5 13. Na3 Qxa5+ 14. Qd2 Qb6 15. Rc1 d6 16. b4 Nc6 17. Rb1 a5 18. bxa5 Qc5 19. Nb5 Rxa5 20. Be2 d5 21. 0-0 dxc4 22. dxc4 Rd8 23. Bd3 Ra4 24. Qc2 Rb4 25. Ra1 Bd7 26. Ra2 Rc8 27. Rfa1 Qf8 28. Qd1 f5 29. exf5 gxf5 30. Na7 Nxa7 31. Rxa7 e5 32. Bf1 Bf6 33. R7a5 Qe7 34. Ra8 Rxa8 35. Rxa8+ Kg7 36. h3 Qc5 37. Nd2 Rb2 38. Qe1 Qb4 39. Nf3 e4 40. Qd1 Rb1 41. Qe2 exf3 42. gxf3 Re1 43. Qa2 Qb1 44. Qxb1 Rxb1 45. Kg2 Bh4 46. Ra2 Kf7 47. Rd2 Bf6 48. c5 Bb5 49. Bxb5 Rxb5 50. Rc2 d3 51. Rd2 Rb3 52. f4 Ke6 53. Rd1 Kd5 54. Kf3 Kxc5 55. Ke3 Kc4 56. Rc1+ Bc3 57. h4 Rb2 58. h5 Rc2 59. Rf1 Bd4+ 60. Kf3 Kc3 0-1

[Event "Arad op-A 14th"]
[Site "Arad"]
[Date "2021.08.01"]
[Round "4"]
[White "Stanciu, Alexandru Ovidiu"]
[Black "Botea, David Alexandru"]
[Result "1-0"]
[WhiteElo "2323"]
[BlackElo "2021"]
[PlyCount "75"]
[EventDate "2021.07.30"]
[EventType "swiss"]
[EventRounds "9"]
[EventCountry "ROU"]
[SourceTitle "CBM 203 Extra"]
[Source "ChessBase"]
[SourceDate "2021.09.30"]
[SourceVersion "1"]
[SourceVersionDate "2021.09.30"]
[SourceQuality "1"]

1. g3 e5 2. Bg2 d5 3. Nf3 e4 4. Nd4 c5 5. Nb3 Nf6 6. d3 exd3 7. cxd3 h6 8. 0-0 Be7 9. e4 Nc6 10. Nc3 Be6 11. Bf4 0-0 12. Rc1 dxe4 13. Nxe4 Bxb3 14. Qxb3 Qb6 15. Qc4 Nd4 16. Rfe1 Rac8 17. Nc3 Ne6 18. Be5 Nd7 19. Nd5 Qd8 20. Bc3 Nb6 21. Nxb6 Qxb6 22. Qg4 Bg5 23. f4 h5 24. Qxh5 Bh6 25. Kh1 Nd4 26. Re7 Nc6 27. Re2 Qd8 28. Be4 b5 29. b3 f5 30. Bg2 b4 31. Ba1 Qxd3 32. Re6 Nd4 33. Rxh6 gxh6 34. Qg6+ Kh8 35. Qxh6+ Kg8 36. Bd5+ Rf7 37. Qg6+ Kh8 38. Qxf7 1-0

[Event "Arad op-A 14th"]
[Site "Arad"]
[Date "2021.07.31"]
[Round "2"]
[White "Stanciu, Alexandru Ovidiu"]
[Black "Tamas, Christian Arrydan"]
[Result "1-0"]
[WhiteElo "2323"]
[BlackElo "1506"]
[PlyCount "63"]
[EventDate "2021.07.30"]
[EventType "swiss"]
[EventRounds "9"]
[EventCountry "ROU"]
[SourceTitle "CBM 203 Extra"]
[Source "ChessBase"]
[SourceDate "2021.09.30"]
[SourceVersion "1"]
[SourceVersionDate "2021.09.30"]
[SourceQuality "1"]

1. g3 Nf6 2. Bg2 g6 3. c4 Bg7 4. Nc3 0-0 5. d4 d6 6. e3 e5 7. Nge2 Nbd7 8. b3 c6 9. Bb2 Qc7 10. Qc2 Nh5 11. 0-0-0 Rb8 12. Kb1 Qa5 13. Rd2 Nhf6 14. h3 b5 15. cxb5 cxb5 16. g4 Nb6 17. Ng3 b4 18. Nce4 Nxe4 19. Nxe4 Bb7 20. g5 Nd5 21. dxe5 Rfc8 22. Qd3 Rc3 23. Qe2 Bxe5 24. Rhd1 Kg7 25. Nxd6 Ba6 26. Rxd5 Bxe2 27. Rxa5 Bxd1 28. Rxe5 Bc2+ 29. Kc1 Rd8 30. Bxc3 bxc3 31. Ne8+ Kf8 32. Kxc2 1-0

[Event "Romania rapid online op final"]
[Site "Chess.com INT"]
[Date "2020.05.01"]
[Round "6"]
[White "Stanciu, Alexandru Ovidiu"]
[Black "Ciorica, Mihai Vlad"]
[Result "1/2-1/2"]
[WhiteElo "2323"]
[BlackElo "2008"]
[PlyCount "86"]
[EventDate "2020.05.01"]
[EventType "swiss (rapid)"]
[EventRounds "7"]
[EventCountry "ROU"]
[SourceTitle "CBM 196 Extra"]
[Source "ChessBase"]
[SourceDate "2020.07.31"]
[SourceVersion "1"]
[SourceVersionDate "2020.07.31"]
[SourceQuality "1"]

1. e4 c5 2. Nc3 Nc6 3. Bb5 g6 4. Bxc6 dxc6 5. f4 Bg7 6. Nf3 Nf6 7. d3 0-0 8. 0-0 Nd7 9. Qe1 e5 10. f5 b6 11. Bg5 Qc7 12. Qh4 f6 13. Be3 g5 14. Qh5 h6 15. h4 Ba6 16. b3 Qd8 17. Nh2 Qe8 18. Qe2 Kf7 19. Kf2 Ke7 20. a4 Qf7 21. Rfb1 Rfb8 22. Nf1 Qg8 23. Ng3 Qf7 24. Nh5 Qg8 25. g4 Qf7 26. Kf3 Qg8 27. Qf2 Qf7 28. a5 Kd8 29. Rb2 Kc7 30. Rba2 Bb7 31. Na4 Bf8 32. c4 Be7 33. Nc3 Re8 34. Na4 Reb8 35. Qg1 Rg8 36. hxg5 hxg5 37. b4 cxb4 38. axb6+ axb6 39. Bxb6+ Kc8 40. Ba7 Kc7 41. Rb2 c5 42. Nxc5 Nxc5 43. Rxb4 Nd7 1/2-1/2

[Event "Romania rapid online op final"]
[Site "Chess.com INT"]
[Date "2020.05.01"]
[Round "4"]
[White "Stanciu, Alexandru Ovidiu"]
[Black "Pavel, Sebastian Ionut"]
[Result "1/2-1/2"]
[WhiteElo "2323"]
[BlackElo "2183"]
[PlyCount "35"]
[EventDate "2020.05.01"]
[EventType "swiss (rapid)"]
[EventRounds "7"]
[EventCountry "ROU"]
[SourceTitle "CBM 196 Extra"]
[Source "ChessBase"]
[SourceDate "2020.07.31"]
[SourceVersion "1"]
[SourceVersionDate "2020.07.31"]
[SourceQuality "1"]

1. e4 c5 2. Nc3 Nc6 3. Bb5 Nd4 4. Nf3 e6 5. 0-0 Ne7 6. Re1 a6 7. Bd3 Nec6 8. b3 Be7 9. Nxd4 Nxd4 10. Bb2 0-0 11. Ne2 Nxe2+ 12. Qxe2 d6 13. a4 Bf6 14. e5 Bxe5 15. Bxe5 dxe5 16. Qxe5 Qd5 17. a5 Bd7 18. Qxd5 1/2-1/2

[Event "Satu Mare Ferroli op"]
[Site "Satu Mare"]
[Date "2018.10.30"]
[Round "1"]
[White "Stanciu, Alexandru Ovidiu"]
[Black "Bonte, Arghir"]
[Result "1-0"]
[WhiteElo "2337"]
[BlackElo "1943"]
[PlyCount "55"]
[EventDate "2018.10.30"]
[EventType "swiss"]
[EventRounds "9"]
[EventCountry "ROU"]
[SourceTitle "CBM 187 Extra"]
[Source "ChessBase"]
[SourceDate "2018.11.04"]
[SourceVersion "1"]
[SourceVersionDate "2018.11.04"]
[SourceQuality "1"]

1. d4 d5 2. c4 e6 3. Nf3 Nf6 4. g3 b6 5. Bg2 Bb4+ 6. Nc3 0-0 7. 0-0 Bxc3 8. bxc3 Ne4 9. Qc2 Nd7 10. cxd5 exd5 11. c4 Bb7 12. cxd5 Bxd5 13. Ng5 Nxg5 14. Bxd5 Rc8 15. Bb7 Rb8 16. Bc6 Ne6 17. Rd1 b5 18. Rb1 a6 19. d5 Nec5 20. Ba3 Na4 21. Bxd7 Qxd7 22. Bxf8 Rxf8 23. Rbc1 Qg4 24. e3 Rc8 25. Rd4 Qf3 26. Qc6 h6 27. d6 Qf5 28. d7 1-0

[Event "ROM-chT"]
[Site "Baile Govora"]
[Date "2017.11.19"]
[Round "9.2"]
[White "Istratescu, Andrei"]
[Black "Stanciu, Alexandru Ovidiu"]
[Result "1-0"]
[WhiteElo "2580"]
[BlackElo "2373"]
[PlyCount "93"]
[EventDate "2017.11.11"]
[EventType "team-tourn"]
[EventRounds "9"]
[EventCountry "ROU"]
[SourceTitle "CBM 181 Extra"]
[Source "ChessBase"]
[SourceDate "2017.12.12"]
[SourceVersion "1"]
[SourceVersionDate "2017.12.12"]
[SourceQuality "1"]
[WhiteTeam "Timisoara Vest Univ"]
[BlackTeam "Arad Vados"]
[WhiteTeamCountry "ROU"]
[BlackTeamCountry "ROU"]

1. d4 Nf6 2. Nf3 e6 3. c4 Bb4+ 4. Nbd2 d5 5. Qa4+ Nc6 6. e3 0-0 7. a3 Be7 8. b4 a5 9. b5 Nb8 10. c5 Nbd7 11. Qc2 c6 12. Bb2 g6 13. a4 Re8 14. h3 Nh5 15. b6 Bf6 16. Ne5 Bh8 17. g4 Ng7 18. 0-0-0 f6 19. Nd3 e5 20. f4 e4 21. Nf2 Ne6 22. Nb3 f5 23. g5 Nxb6 24. cxb6 Qxb6 25. Ba3 Qd8 26. Kb1 Bg7 27. Ka2 Qc7 28. Rc1 Nd8 29. Nd1 b6 30. Nc3 Qb8 31. h4 Be6 32. h5 Bf7 33. hxg6 Bxg6 34. Ne2 b5 35. Ng3 b4 36. Bb2 Qc8 37. Nh5 Re6 38. Rh3 Nb7 39. Nxg7 Kxg7 40. Nc5 Nxc5 41. dxc5+ Kf8 42. Qd2 Ke8 43. Qd4 Kd7 44. Be2 Re7 45. Rch1 b3+ 46. Kb1 Rb8 47. Bc3 1-0

[Event "ROM-chT"]
[Site "Baile Govora"]
[Date "2017.11.16"]
[Round "6.5"]
[White "Svetushkin, Dmitry"]
[Black "Stanciu, Alexandru Ovidiu"]
[Result "1-0"]
[WhiteElo "2566"]
[BlackElo "2373"]
[PlyCount "69"]
[EventDate "2017.11.11"]
[EventType "team-tourn"]
[EventRounds "9"]
[EventCountry "ROU"]
[SourceTitle "CBM 181 Extra"]
[Source "ChessBase"]
[SourceDate "2017.12.12"]
[SourceVersion "1"]
[SourceVersionDate "2017.12.12"]
[SourceQuality "1"]
[WhiteTeam "Iasi Politehnica"]
[BlackTeam "Arad Vados"]
[WhiteTeamCountry "ROU"]
[BlackTeamCountry "ROU"]

1. e4 c6 2. d4 d5 3. e5 Bf5 4. Nd2 e6 5. Nb3 Nd7 6. Nf3 Ne7 7. Be2 h6 8. a4 Bh7 9. a5 Ng6 10. h4 Be7 11. g3 0-0 12. Bd3 c5 13. h5 c4 14. hxg6 fxg6 15. Be2 cxb3 16. c3 g5 17. Bd3 Bxd3 18. Qxd3 Qe8 19. g4 a6 20. Rh3 Nb8 21. Be3 Nc6 22. Nd2 Nd8 23. Nxb3 Qb5 24. Qc2 Nf7 25. Nd2 Rac8 26. Nf1 Nh8 27. Ng3 Qe8 28. Nh5 Qg6 29. Qe2 Qe4 30. Kd2 Rf7 31. f3 Qg6 32. Rah1 Bd8 33. f4 Bxa5 34. fxg5 Rfc7 35. Qd3 1-0

[Event "ROM-chT"]
[Site "Baile Govora"]
[Date "2017.11.14"]
[Round "4.4"]
[White "Lupulescu, Constantin"]
[Black "Stanciu, Alexandru Ovidiu"]
[Result "1-0"]
[WhiteElo "2631"]
[BlackElo "2373"]
[PlyCount "83"]
[EventDate "2017.11.11"]
[EventType "team-tourn"]
[EventRounds "9"]
[EventCountry "ROU"]
[SourceTitle "CBM 181 Extra"]
[Source "ChessBase"]
[SourceDate "2017.12.12"]
[SourceVersion "1"]
[SourceVersionDate "2017.12.12"]
[SourceQuality "1"]
[WhiteTeam "Baia Mare"]
[BlackTeam "Arad Vados"]
[WhiteTeamCountry "ROU"]
[BlackTeamCountry "ROU"]

1. d4 Nf6 2. c4 c6 3. Nc3 d5 4. e3 Bf5 5. Nf3 e6 6. Nh4 Bg6 7. Nxg6 hxg6 8. a3 Nbd7 9. c5 e5 10. b4 Qc7 11. g3 g5 12. Bg2 g6 13. e4 dxe4 14. Bxg5 Bg7 15. d5 cxd5 16. Nxd5 Qc6 17. Bxf6 Nxf6 18. Nxf6+ Bxf6 19. Qe2 0-0-0 20. Bxe4 Qa6 21. c6 Qxe2+ 22. Kxe2 bxc6 23. Rac1 Bg5 24. Rc2 Kb8 25. h4 Bh6 26. Bxc6 Rd4 27. Rd1 Rxd1 28. Kxd1 Rd8+ 29. Ke2 f5 30. Bb5 Kb7 31. Rc6 Rd2+ 32. Kf1 Rd1+ 33. Kg2 Rd2 34. Kf1 Rd1+ 35. Ke2 Rd2+ 36. Ke1 Ra2 37. Rxg6 Bc1 38. h5 Bxa3 39. Kf1 Bxb4 40. h6 Bc5 41. Be2 e4 42. Rg7+ 1-0

[Event "Corund Ceramica op 3rd"]
[Site "Corund"]
[Date "2017.09.30"]
[Round "7"]
[White "Malakhatko, Vadim"]
[Black "Stanciu, Alexandru Ovidiu"]
[Result "1-0"]
[WhiteElo "2511"]
[BlackElo "2325"]
[PlyCount "107"]
[EventDate "2017.09.26"]
[EventType "swiss"]
[EventRounds "9"]
[EventCountry "ROU"]
[SourceTitle "EXT 2018"]
[Source "ChessBase"]
[SourceDate "2017.10.13"]
[SourceVersion "1"]
[SourceVersionDate "2017.10.13"]
[SourceQuality "1"]

1. c4 Nf6 2. Nc3 e5 3. e3 Nc6 4. a3 g6 5. Nf3 Bg7 6. Be2 0-0 7. Qc2 a5 8. 0-0 d6 9. d3 Nh5 10. Rb1 f5 11. b4 axb4 12. axb4 Be6 13. b5 Nb8 14. Nd2 Nf6 15. Bb2 c6 16. Ra1 Nbd7 17. Rxa8 Qxa8 18. Ra1 Qb8 19. Rb1 Qc7 20. Qa4 Nb6 21. Qd1 Ra8 22. Bf3 Nfd7 23. Ra1 Rxa1 24. Qxa1 Nc5 25. Be2 d5 26. bxc6 bxc6 27. cxd5 Nxd5 28. Na4 Nxa4 29. Qxa4 h6 30. Bf1 Kh7 31. e4 Nf6 32. Qa1 Nd7 33. exf5 Bxf5 34. Nc4 Be6 35. Qa3 c5 36. Qa6 Bd5 37. Qa1 Qb8 38. Bc3 Qa8 39. Qb2 Qb7 40. Qxb7 Bxb7 41. g3 Bd5 42. Bh3 Bxc4 43. dxc4 Nb8 44. Bg2 Kg8 45. Kf1 Kf7 46. Ke2 Nd7 47. Bd5+ Ke7 48. Ke3 h5 49. h4 Nf6 50. Be4 Kf7 51. f3 Ng8 52. Bd5+ Kf8 53. Bxg8 Kxg8 54. Ke4 1-0

[Event "Corund Ceramica op 3rd"]
[Site "Corund"]
[Date "2017.09.29"]
[Round "6"]
[White "Stanciu, Alexandru Ovidiu"]
[Black "Costachi, Mihnea"]
[Result "1/2-1/2"]
[WhiteElo "2325"]
[BlackElo "2418"]
[PlyCount "24"]
[EventDate "2017.09.26"]
[EventType "swiss"]
[EventRounds "9"]
[EventCountry "ROU"]
[SourceTitle "EXT 2018"]
[Source "ChessBase"]
[SourceDate "2017.10.13"]
[SourceVersion "1"]
[SourceVersionDate "2017.10.13"]
[SourceQuality "1"]

1. c4 Nf6 2. Nc3 g6 3. g3 Bg7 4. Bg2 0-0 5. e4 d6 6. Nge2 e5 7. 0-0 Nc6 8. d3 Nh5 9. h3 f5 10. exf5 gxf5 11. f4 Be6 12. Be3 Qd7 1/2-1/2

[Event "Corund Ceramica op 3rd"]
[Site "Corund"]
[Date "2017.09.27"]
[Round "3"]
[White "Stanciu, Alexandru Ovidiu"]
[Black "Szabo, Gergely Andras"]
[Result "1/2-1/2"]
[WhiteElo "2325"]
[BlackElo "2561"]
[PlyCount "30"]
[EventDate "2017.09.26"]
[EventType "swiss"]
[EventRounds "9"]
[EventCountry "ROU"]
[SourceTitle "EXT 2018"]
[Source "ChessBase"]
[SourceDate "2017.10.13"]
[SourceVersion "1"]
[SourceVersionDate "2017.10.13"]
[SourceQuality "1"]

1. d4 e6 2. c4 b6 3. Bf4 Bb7 4. e3 g6 5. Nf3 Bg7 6. Nc3 Ne7 7. e4 0-0 8. Be2 d5 9. cxd5 exd5 10. e5 c5 11. 0-0 Nbc6 12. dxc5 bxc5 13. Na4 c4 14. b3 Qc7 15. Re1 Nxe5 1/2-1/2

[Event "Arad op 10th"]
[Site "Arad"]
[Date "2017.08.13"]
[Round "9"]
[White "Stanciu, Alexandru Ovidiu"]
[Black "Sanduleac, Vasile"]
[Result "1/2-1/2"]
[WhiteElo "2291"]
[BlackElo "2403"]
[PlyCount "24"]
[EventDate "2017.08.06"]
[EventType "swiss"]
[EventRounds "9"]
[EventCountry "ROU"]
[SourceTitle "CBM 179 Extra"]
[Source "ChessBase"]
[SourceDate "2017.08.23"]
[SourceVersion "1"]
[SourceVersionDate "2017.08.23"]
[SourceQuality "1"]

1. c4 g6 2. g3 Bg7 3. Bg2 d6 4. Nc3 Nf6 5. e4 c5 6. Nge2 Nc6 7. 0-0 0-0 8. h3 Ne8 9. f4 Nc7 10. d3 Ne6 11. Be3 Ned4 12. Qd2 e6 1/2-1/2

[Event "Arad op 10th"]
[Site "Arad"]
[Date "2017.08.08"]
[Round "4"]
[White "Zajic, Milan"]
[Black "Stanciu, Alexandru Ovidiu"]
[Result "1/2-1/2"]
[WhiteElo "2499"]
[BlackElo "2291"]
[PlyCount "51"]
[EventDate "2017.08.06"]
[EventType "swiss"]
[EventRounds "9"]
[EventCountry "ROU"]
[SourceTitle "CBM 179 Extra"]
[Source "ChessBase"]
[SourceDate "2017.08.23"]
[SourceVersion "1"]
[SourceVersionDate "2017.08.23"]
[SourceQuality "1"]

1. e4 c6 2. Nc3 d5 3. Nf3 Nf6 4. e5 Ne4 5. Ne2 Qb6 6. d4 e6 7. Nfg1 f6 8. f3 Ng5 9. h4 Nf7 10. f4 c5 11. c3 Nc6 12. Nf3 Bd7 13. g3 Be7 14. Bh3 0-0-0 15. Qb3 Qa6 16. Qd1 Qb6 17. Kf1 h6 18. Kg2 f5 19. h5 Rdg8 20. Rb1 g5 21. hxg6 Rxg6 22. Kf2 h5 23. Be3 h4 24. gxh4 Bxh4+ 25. Nxh4 Rxh4 26. dxc5 1/2-1/2